000 01370nam a22002417a 4500
999 _c61248
_d61248
003 Ge_BSU
005 20240110145204.0
008 240110s2017 ge ||||| |||| 00| 0 geo d
020 _a9789941248825
041 _ageo
080 _a069.02:7(450) +75(450) დ-15
100 _aდავერიო, ფილიპ
_921022
245 _aუფიცი, ფლორენცია :
_bხელოვნების შედევრები - შენს პირად კოლექციაში /
_cფილიპ დავერიო; მთარგმნელი მაია დონაძე; რედაქტორი თამარ ჟურული.
264 _aთბილისი :
_bპალიტრა L,
_c2017.
300 _a128 გვ. :
_bფოტ. ;
_c26 სმ.
440 _aმსოფლიოს საუკეთესო მუზეუმები ; წიგნი 2
_921024
521 _aგარეკანზე ავტორი აღნიშნული არ არის.
653 _aფლორენციის მუზეუმი
653 _aიტალიური ფერწერა
700 _aდონაძე, მაია
_eმთარგმნელი
_921025
700 _aჟურული, თამარ
_eრედაქტორი
_916161
942 _2udc
_cBK